| 000 | 01310nam a2200229 i 4500 | ||
|---|---|---|---|
| 001 | 165500 | ||
| 003 | ES-MaACL | ||
| 005 | 20250719062546.0 | ||
| 008 | 041015q1888 fr a |||| | fre d | ||
| 110 | 2 |
_aSociété Générale de Protection pour l'enfance abandonée ou coupable (Paris) _9134939 |
|
| 245 | 1 | 0 |
_aNotice illustrée sur le but et le fonctionnement de l'oeuvre ses moyens d'action et les résultats obtenus / _cSociété Générale de Protection pour l'enfance abandonnée ou coupable. |
| 260 |
_aParis : _b[s.n., _c1888?] ( _fImp. Générale A. Lahure) |
||
| 300 |
_a109 p. : _bil. ; _c27 cm. |
||
| 594 | _aTít. tomado de p.1. | ||
| 596 | _aPie de imp. tomado de colofón. | ||
| 596 | _aÚltima fecha a la que hace referencia el texto, 1888. | ||
| 650 | 4 |
_aProtección de menores- _zFrancia. _9165576 |
|
| 852 |
_aES-MaACL _jD-77(8) _bR.FOLL.3/8 _cSVI _fSello en tinta en portada: "Donativo del Sr. Lastres al Ateneo de Madrid. 1907" _gAnotación manuscrita en portada: "Folletos penitenciarios. Tomo 16" _hDonación: Francisco Lastres y Juiz _xEncuadernación holandesa _xEncuadernado con otras obras formando un volumen facticio _9181845 _dOlim: 193-C-16 |
||
| 903 |
_aLastres y Juiz, Francisco, _d1848-1918 _q1 _ednr _970504 |
||
| 942 |
_2udc _cFOLLETOS |
||
| 999 |
_c165500 _d165500 |
||